Jeux de mots - Ils commencent par "cou" - Statistiques

Statistiques générales
  • Ce quiz a été pris 83 fois
  • Le résultat moyen est 5 sur 15
Statistiques - réponses
Hint Réponse % Correct
Type d'horloge. Désigne aussi un avion lorsqu'il est vieux. Coucou
86%
Peut-être de fraises, de framboises,... Ou bien encore de tomates. Coulis
80%
Elles se situent en arrière de la scène. Coulisses
78%
Fromage à pâte fermentée et à croûte fleurie, fabriqué avec du lait de vache, qui a pris le nom de sa principale région de fabrication. Coulommiers
57%
Les bébés... et leurs parents les adorent. Couche
51%
Dissonance. Faux pas. Maladresse. Couac
27%
Un sac peut en être. Couchage
26%
Mesure d'environ 50cm. Coudée
26%
On manifeste son repentir d’une faute lorsqu'on la bat. Coulpe
19%
Nom usuel de la lépiote élevée. Coulemelle
18%
Terrain planté de noisetiers. Coudraie
14%
Frôler du coude. Coudoyer
11%
Substance odorante utilisée en pharmacie provenant du fruit de la dernière réponse. Coumarine
5%
Son fruit est la fève tonka. Coumarou
4%
Nom vulgaire de l’amanite ovoïde. Coucoumelle
3%
Aucun quiz correspondant
Distribution des résultats
% des personnes avec chaque résultat
Percentile par nombre de réponses
Votre historique - résultats
Vous n’avez pas pris ce quiz